000 00478nam a2200145Ia 4500
008 100122s9999 xx 000 0 und d
082 _b67899
_a824
100 _aजोशी विमला
245 _aखिडक्या आणि झरोके
260 _bप्रतीक प्रकाशन
_c2005
300 _a112
630 _aखिडक्या आणि झरोके
730 _aखिडक्या आणि झरोके
942 _cBOOK
999 _c439730
_d439727